00364 2200145 4500001002100000005001500021035002000036245007400056100001400130300001200144260002800156082000800184084001400192990001200206INLIS00000000000181120250506112641 a0010-05250001031 aPenyembuhan Alami Dengan Herbal & Pijat Refleksi /cMB. Rahimsyah A.R0 aRahimsyah a128 hlm aJombang :bLintas Media a600 a600 RAH p a0754746